| 000 | 00348nam a22001457a 4500 | ||
|---|---|---|---|
| 020 | _a978-81-73710522 -8 | ||
| 041 | _aENG | ||
| 100 | _a Sahni.S | ||
| 245 | _aData Seruceures Algoriehms and Applicaeions in C++ | ||
| 250 | _aSecond Edition | ||
| 260 |
_aHyderabad _bUniversities _c2011 |
||
| 300 | _a792 | ||
| 650 | _acomputer | ||
| 856 | _ucomputer | ||
| 999 |
_c99 _d99 |
||